Historias de Terramar : La costa más lejana, Tehanu /

Gardado en:
Detalles Bibliográficos
Autor Principal: Le Guin, Ursula Kroeber (autor)
Formato: Libro
Idioma:Lingua castelá
Publicado: Madrid, España : Booket, 2009, c2009
Series:(Booket Planeta ; Literatura Fantástica) 8003.
Temas:
Etiquetas: Engadir etiqueta
Sen Etiquetas, Sexa o primeiro en etiquetar este rexistro!

MARC

LEADER 00000nam^a2200000^a^4500
001 000329947
005 20250521000000.0
009 20260310113951.303
020 |a 978-84-450-7669-9 
037 |a Acervo ITESO - Biblioteca 
041 |a ESP 
082 |a 813.  |b LEG V. 2 
100 |a Le Guin, Ursula Kroeber  |e (autor) 
240 1 1 |a [Ciclo de Terramar] 
240 1 1 |a [Historias de Terramar] 
245 1 0 |a Historias de Terramar :  |b La costa más lejana, Tehanu /  |c U.K. Le Guin ; tr. por Matilde Horne, Teresa Gottlieb. 
264 4 |a Madrid, España :  |b Booket,  |c 2009, c2009 
300 |a 478 p. 
336 |a texto  |b txt  |2 rdacontenido 
337 |a sin mediación  |b n  |2 rdamedio 
338 |a volumen  |b nc  |2 rdasoporte 
440 1 |a (Booket Planeta ;  |v 8003.  |p Literatura Fantástica) 
500 |a Traducción de: The Farthest Shore 
500 |a Traducción de: Tehanu 
545 0 |a Ursula K. Le Guin (Berkeley, 1929 – Portland, 2018), escritora norteamericana considerada uno de los grandes creadores de la ciencia-ficción, género que enriqueció con narraciones regidas por una original tensión utópica y un enfoque con ideas taoístas, anarquistas y feministas. Inició el ciclo de novelas de Hainish con El mundo de Rocannon (1966) y lo prosiguió con Planeta de exilio (1966) y La ciudad de las ilusiones (1967), pero alcanzó el pleno reconocimiento crítico y público con la cuarta entrega: La mano izquierda de la oscuridad (1969), exploración de la identidad sexual a través de una raza hermafrodita, galardonada con los prestigiosos premios especializados en ciencia-ficción Nébula (1969) y Hugo (1970); la serie continuó con Los desposeídos: una utopía ambigua (1974, premios Hugo y Nébula en 1975), El nombre del mundo es bosque (1976) y El relato (2000). Creo, en forma casi paralela, el ciclo Terramar, formado por Un mago de Terramar (1968), Las tumbas de Atuan (1971), La costa más lejana (1972, National Book Award 1973 en la categoría de libros para niños), Tehanu (1990, Premio Nébula 1990) y En el otro viento: la nueva novela de Terramar (2001), novelas a las que debe sumarse Cuentos de Terramar (2001). Escribió, al margen de esas dos grandes series narrativas, títulos como las novelas La rueda celeste (1971), Malafrena (1979), El ojo de la garza (1982) y El eterno regreso a casa (1985) y los colecciones de cuentos Las doce moradas del viento (1975), Países imaginarios (1976), Las llaves del aire (1996) y El cumpleaños del mundo y otros relatos (2002). Tradujo al inglés el Tao Te Ching (1997), el célebre libro atribuido a Lao-tsé. Fue la primera mujer nombrada Gran Maestra de la Asociación de Escritores de Ciencia-Ficción y Fantasía de Estados Unidos (SWPA, 2003). 
649 |a XX 
650 |a Novela Fantástica -  |z EUA 
650 |a Novela Norteamericana 
650 |a Literatura Fantástica -  |z EUA 
650 |a Literatura de Mujeres -  |z EUA 
650 |a Literatura Norteamericana -  |y Siglo XX 
740 3 |a La costa más lejana /  |c U.K. Le Guin ; tr. por Matilde Horne, Teresa Gottlieb. 
740 0 |a Tehanu /  |c U.K. Le Guin ; tr. por Matilde Horne, Teresa Gottlieb. 
910 |a Fondo General 
920 |a Impresos - Libros 
930 |a Colección General 
940 |a Literatura 
905 |a 101 
901 |a 0500219124  |b IT1  |c LIT  |i C135486  |u 20250521 
902 |a https://opac.biblio.iteso.mx/vufind/Record/000329947